Normal view
MARC view
- Mcbrayer, Lauren.
Entry Personal Name
001 - CONTROL NUMBER
- control field: 50589
003 - CONTROL NUMBER IDENTIFIER
- control field: OSt
005 - DATE AND TIME OF LATEST TRANSACTION
- control field: 20240104161733.0
008 - FIXED-LENGTH DATA ELEMENTS
- fixed length control field: 240104|| aca||aabn | a|a d
040 ## - CATALOGING SOURCE
- Original cataloging agency: OSt
- Transcribing agency: OSt
100 ## - HEADING--PERSONAL NAME
- Personal name: Mcbrayer, Lauren.
670 ## - SOURCE DATA FOUND
- Source citation: Work cat.: (OSt): Mcbrayer, Lauren., Like a house on fire /, ©2022.
